<?xml version="1.0" encoding="UTF-8"?>
<record
    xmlns:xsi="http://www.w3.org/2001/XMLSchema-instance"
    xsi:schemaLocation="http://www.loc.gov/MARC21/slim http://www.loc.gov/standards/marcxml/schema/MARC21slim.xsd"
    xmlns="http://www.loc.gov/MARC21/slim">

  <leader>00896nam a22002057a 4500</leader>
  <controlfield tag="008">110912s198&#x61F;    enk|||||r|||| 00| 0 ara d</controlfield>
  <datafield tag="020" ind1=" " ind2=" ">
    <subfield code="a">0942517148</subfield>
  </datafield>
  <datafield tag="082" ind1=" " ind2=" ">
    <subfield code="2">22</subfield>
    <subfield code="a">616.978</subfield>
    <subfield code="b">&#x634; &#x627; &#x64A;</subfield>
  </datafield>
  <datafield tag="100" ind1=" " ind2=" ">
    <subfield code="9">27128</subfield>
    <subfield code="a">&#x634;&#x627;&#x64A;&#x62A;&#x648; &#x60C; &#x644;&#x64A;&#x648;&#x646;</subfield>
  </datafield>
  <datafield tag="245" ind1=" " ind2=" ">
    <subfield code="a">&#x639;&#x627;&#x644;&#x645; &#x628;&#x62F;&#x648;&#x646; &#x625;&#x64A;&#x62F;&#x632; :</subfield>
    <subfield code="b">&#x627;&#x644;&#x637;&#x631;&#x64A;&#x642;&#x629; &#x627;&#x644;&#x635;&#x62D;&#x64A;&#x629; &#x627;&#x644;&#x645;&#x62B;&#x64A;&#x631;&#x629; &#x644;&#x644;&#x645;&#x639;&#x627;&#x644;&#x62C;&#x629; &#x627;&#x644;&#x634;&#x627;&#x645;&#x644;&#x629; /</subfield>
    <subfield code="c">&#x644;&#x64A;&#x648;&#x646; &#x634;&#x627;&#x64A;&#x62A;&#x648;&#x60C; &#x633;&#x64A;&#x645;&#x648;&#x646; &#x645;&#x627;&#x631;&#x62A;&#x646;</subfield>
  </datafield>
  <datafield tag="260" ind1=" " ind2=" ">
    <subfield code="a">&#x644;&#x646;&#x62F;&#x646; :</subfield>
    <subfield code="b">&#x62B;&#x648;&#x631;&#x633;&#x648;&#x646;&#x632;&#x60C; [198?</subfield>
    <subfield code="c">[198?]</subfield>
  </datafield>
  <datafield tag="300" ind1=" " ind2=" ">
    <subfield code="a">271 &#x635; &#x61B;</subfield>
    <subfield code="c">24 &#x633;&#x645;</subfield>
  </datafield>
  <datafield tag="650" ind1=" " ind2=" ">
    <subfield code="9">27131</subfield>
    <subfield code="a">&#x627;&#x644;&#x625;&#x64A;&#x62F;&#x632;</subfield>
  </datafield>
  <datafield tag="650" ind1=" " ind2=" ">
    <subfield code="9">27132</subfield>
    <subfield code="a">&#x627;&#x644;&#x623;&#x645;&#x631;&#x627;&#x636; &#x627;&#x644;&#x62A;&#x646;&#x627;&#x633;&#x644;&#x64A;&#x629;</subfield>
  </datafield>
  <datafield tag="650" ind1=" " ind2=" ">
    <subfield code="9">27133</subfield>
    <subfield code="a">&#x627;&#x644;&#x634;&#x630;&#x648;&#x630; &#x627;&#x644;&#x62C;&#x646;&#x633;&#x64A;</subfield>
  </datafield>
  <datafield tag="650" ind1=" " ind2=" ">
    <subfield code="9">27137</subfield>
    <subfield code="a">&#x627;&#x644;&#x645;&#x646;&#x627;&#x639;&#x629; &#x60C; &#x639;&#x644;&#x645;</subfield>
  </datafield>
  <datafield tag="700" ind1=" " ind2=" ">
    <subfield code="9">27130</subfield>
    <subfield code="a">&#x645;&#x627;&#x631;&#x62A;&#x646; &#x60C; &#x633;&#x64A;&#x645;&#x648;&#x646;</subfield>
  </datafield>
  <datafield tag="942" ind1=" " ind2=" ">
    <subfield code="2">ddc</subfield>
    <subfield code="c">BB</subfield>
  </datafield>
  <datafield tag="999" ind1=" " ind2=" ">
    <subfield code="c">16003</subfield>
    <subfield code="d">16003</subfield>
  </datafield>
  <datafield tag="952" ind1=" " ind2=" ">
    <subfield code="0">0</subfield>
    <subfield code="1">0</subfield>
    <subfield code="2">ddc</subfield>
    <subfield code="4">0</subfield>
    <subfield code="7">0</subfield>
    <subfield code="8">Alef-Baa</subfield>
    <subfield code="a">MAIN</subfield>
    <subfield code="b">MAIN</subfield>
    <subfield code="c">1ST</subfield>
    <subfield code="d">2011-09-12</subfield>
    <subfield code="e">purchase</subfield>
    <subfield code="o">616.978 &#x634; &#x627; &#x64A;</subfield>
    <subfield code="p">000024694</subfield>
    <subfield code="r">2025-07-15 00:00:00</subfield>
    <subfield code="y">BB</subfield>
  </datafield>
</record>
